01286nam a2200157 a 4500008004100000020001800041041000800059100002700067245006000094250001100154260003500165300002000200500009400220505079900314655001501113190916s2015 a ||||gr|||| 000 f spa d a9789504936732 aspa1 aFontanarrosa, Roberto.3 aTe digo más...y otros cuentos /cRoberto Fontanarrosa a2a ed. aBuenos Aires:bPlaneta;c2015. a304 p.b21x13cm aFontanarrosa, R. (2015). Te digo mas...y otros cuentos. (2a ed.). Buenos Aires : Planeta. a"Porque, decime vos, qué carajo tiene que ver con nosotros y con nuestra costumbres el Papá Noél. ¿Quién le dio chapa al Papá Noél? Un tipo vestido para la nieve, abrigado como para ir a la Antártida, en un trineo tirado por renos. ¡Renos, mi querido! ¿Cuándo mierda hemos visto un reno nosotros?". Al Gordo Luis lo despidieron de su trabajo. Cerca de la Navidad acepta una changa para disfrazarse de Papá Noél. Con un calor exacerbante, el Gordo empieza a sudar la gota gorda. Hasta que una vecina le alcanza una jarra con una bebida que parece ser limonada, pero resulta ser vino blanco... "Te digo más" es uno de los veintiséis relatos que integran este volumen. Entre ellos, "Un barrio sin guapos" y "Mamá", uno de los cuentos más celebrados de Fontanarrosa.  aLiteratura